报 刊 阅读 教 程. 上 册 /
莫断子孙路; 3与300 的选择; 青年转型-对一个新槪念的初步阐述; 黄河为何出现 百日断流; 婚姻, 还是理想中的港湾吗?; 消除贫困;...
Spremljeno u:
| Glavni autor: | |
|---|---|
| Daljnji autori: | , |
| Format: | Knjiga |
| Jezik: | Chinese |
| Izdano: |
北京 :
北京语言文化大学出版社,
2002.
|
| Teme: | |
| Oznake: |
Dodaj oznaku
Bez oznaka, Budi prvi tko označuje ovaj zapis!
|
| Thư viện lưu trữ: | Mạng thư viện Đại học Đà Nẵng |
|---|
| LEADER | 01413nam a2200373 a 4500 | ||
|---|---|---|---|
| 001 | 000041694 | ||
| 003 | 21734 | ||
| 005 | 20201103092414.0 | ||
| 008 | 171030s2002 | ||
| 020 | |a 7561906633 | ||
| 040 | |a lnn |c lnn |d lnn | ||
| 041 | 0 | |a chi | |
| 082 | 1 | 4 | |a 495.1 |b WA-X |
| 100 | 1 | |a 王 世 巽. | |
| 245 | 1 | 0 | |a 报 刊 阅读 教 程. |n 上 册 / |c 王 世 巽 , 刘 谦 功, 彭 瑞 情. |
| 246 | 3 | 4 | |a 报 刊 阅读 教 程(Baokan yuedu jiaocheng). |n 上. |
| 260 | |a 北京 : |b 北京语言文化大学出版社, |c 2002. | ||
| 300 | |a vi, 298 页 ; |c 26 cm. | ||
| 500 | |a 对 外 汉 语 本 科 系 列 教 材 ,语 言 技 能 类 (三 年 级). | ||
| 520 | 3 | |a 莫断子孙路; 3与300 的选择; 青年转型-对一个新槪念的初步阐述; 黄河为何出现 百日断流; 婚姻, 还是理想中的港湾吗?; 消除贫困;... | |
| 630 | 0 | 4 | |a 汉语. |
| 650 | 0 | 4 | |a 汉语. |
| 700 | 1 | |a 刘 谦 功. | |
| 700 | 1 | |a 彭 瑞 情. | |
| OWN | |a LNN | ||
| 902 | |a TKR | ||
| AVA | |a UDN50 |b LNN |c Chinese |d 495.1 WA-X |e available |t Error 5001 Not defined in file expand_doc_bib_avail. |f 1 |g 0 |h N |i 0 |j TN |k 1 | ||
| 999 | |a From the UDN01 | ||
| AVA | |a UDN50 |b LNN |c Chinese |d 495.1 WA-X |e available |t Error 5001 Not defined in file expand_doc_bib_avail. |f 1 |g 0 |h N |i 0 |j TN |k 1 | ||
| TYP | |a Monograph | ||
| TYP | |a Printed language | ||
| 980 | |a Mạng thư viện Đại học Đà Nẵng | ||


